[Event "Ciudad del Este op 1st"]
[Site "Ciudad del Este"]
[Date "2023.07.21"]
[Round "3"]
[White "Solaeche G, Axel Jose"]
[Black "Farhat, Mohamed Abdallah"]
[Result "0-1"]
[WhiteElo "1252"]
[BlackElo "1751"]
[PlyCount "52"]
[EventDate "2023.07.20"]
[EventType "swiss"]
[EventRounds "7"]
[EventCountry "PAR"]
[SourceTitle "EXT 2024"]
[Source "ChessBase"]
[SourceDate "2023.10.10"]
[SourceVersion "1"]
[SourceVersionDate "2023.10.10"]
[SourceQuality "1"]

1. Nf3 c5 2. c4 Nc6 3. e3 e6 4. d4 d5 5. Nc3 Nf6 6. Be2 Be7 7. 0-0 0-0 8. h3 a6 9. a3 dxc4 10. Bxc4 b5 11. Be2 Bb7 12. dxc5 Bxc5 13. b4 Ba7 14. Bb2 Rc8 15. Rc1 Qe7 16. Qc2 e5 17. e4 Nd4 18. Qd3 Rfd8 19. Nxd4 exd4 20. Nd5 Nxd5 21. exd5 Bxd5 22. Rxc8 Rxc8 23. Bxd4 Bc4 24. Qd2 Bxd4 25. Bxc4 Rxc4 26. Re1 Qf8 0-1

[Event "PAR-ch qual5"]
[Site "Asuncion"]
[Date "2018.07.08"]
[Round "7"]
[White "Farhat, Mohamed Abdallah"]
[Black "Heinechen, John"]
[Result "0-1"]
[WhiteElo "1735"]
[BlackElo "2015"]
[PlyCount "66"]
[EventDate "2018.07.06"]
[EventType "swiss"]
[EventRounds "7"]
[EventCountry "PAR"]
[SourceTitle "EXT 2019"]
[Source "ChessBase"]
[SourceDate "2018.10.10"]
[SourceVersion "1"]
[SourceVersionDate "2018.10.10"]
[SourceQuality "1"]

1. d4 Nf6 2. Nf3 c5 3. c3 e6 4. g3 b6 5. Bg2 Bb7 6. 0-0 h6 7. Re1 Be7 8. Nbd2 cxd4 9. cxd4 d5 10. a3 0-0 11. b4 Nc6 12. Nb3 Ba6 13. Bb2 Rc8 14. Rc1 Nd7 15. e4 dxe4 16. Rxe4 Nf6 17. Re1 Nd5 18. Ne5 Qd6 19. Nd2 f5 20. Qb3 Bb7 21. Bxd5 exd5 22. Ndf3 f4 23. Qd3 fxg3 24. fxg3 Nxe5 25. dxe5 Qe6 26. Nd4 Qh3 27. Rxc8 Bxc8 28. Nc6 Bg5 29. Qxd5+ Be6 30. Qe4 Kh8 31. Rd1 Bg4 32. Ra1 Bf3 33. Qc2 Be3+ 0-1

[Event "PAR-ch qual5"]
[Site "Asuncion"]
[Date "2018.07.08"]
[Round "5"]
[White "Melian, Juan Sebastian"]
[Black "Farhat, Mohamed Abdallah"]
[Result "1/2-1/2"]
[WhiteElo "1665"]
[BlackElo "1735"]
[PlyCount "86"]
[EventDate "2018.07.06"]
[EventType "swiss"]
[EventRounds "7"]
[EventCountry "PAR"]
[SourceTitle "EXT 2019"]
[Source "ChessBase"]
[SourceDate "2018.10.10"]
[SourceVersion "1"]
[SourceVersionDate "2018.10.10"]
[SourceQuality "1"]

1. d4 d5 2. Nf3 Nf6 3. Bg5 e6 4. e3 Be7 5. Nbd2 0-0 6. Bd3 Nbd7 7. 0-0 Re8 8. Ne5 Nxe5 9. dxe5 Nd7 10. Bxe7 Qxe7 11. f4 c5 12. c3 b6 13. Qh5 g6 14. Qg4 Nf8 15. h4 Bb7 16. h5 Rad8 17. Rae1 a6 18. Nf3 Rd7 19. Ng5 Red8 20. Bb1 d4 21. exd4 cxd4 22. Be4 dxc3 23. Bxb7 Rxb7 24. bxc3 Qc5+ 25. Kh1 Qxc3 26. Ne4 Qa5 27. Qg5 b5 28. Nd6 Ra7 29. h6 Nd7 30. Qe7 Rf8 31. Ne4 Qd8 32. Nf6+ Nxf6 33. Qxa7 Ng4 34. g3 Qd2 35. Qg1 Qxa2 36. Qg2 Qxg2+ 37. Kxg2 Nxh6 38. Ra1 Nf5 39. Rf2 Ra8 40. Rfa2 Ne3+ 41. Kf3 Nd5 42. Rxa6 Rxa6 43. Rxa6 b4 1/2-1/2

[Event "Ciudad del Este qual 5th"]
[Site "Ciudad del Este"]
[Date "2016.08.14"]
[Round "4.8"]
[White "Sanabria, Mauricio"]
[Black "Farhat, Mohamed Abdallah"]
[Result "1-0"]
[WhiteElo "1545"]
[BlackElo "1750"]
[PlyCount "35"]
[EventDate "2016.08.12"]
[EventType "swiss"]
[EventRounds "7"]
[EventCountry "PAR"]
[SourceTitle "EXT 2023"]
[Source "ChessBase"]
[SourceDate "2022.10.05"]
[SourceVersion "1"]
[SourceVersionDate "2022.10.05"]
[SourceQuality "1"]

1. e4 c5 2. Nc3 Nc6 3. f4 g6 4. Nf3 Bg7 5. a3 d6 6. Bc4 e6 7. 0-0 Nge7 8. Kh1 b6 9. b4 cxb4 10. axb4 Nxb4 11. Ba3 Nbc6 12. Nb5 0-0 13. Nxd6 Na5 14. Ne5 Nxc4 15. Ndxc4 Bb7 16. Nd6 Qc7 17. Rf3 Rad8 18. Nb5 1-0

[Event "Foz do Iguacu op 6th"]
[Site "Foz do Iguacu"]
[Date "2016.05.29"]
[Round "5"]
[White "Farhat, Ali Abdallah"]
[Black "Farhat, Mohamed Abdallah"]
[Result "0-1"]
[WhiteElo "1731"]
[BlackElo "1762"]
[PlyCount "74"]
[EventDate "2016.05.27"]
[EventType "swiss"]
[EventRounds "6"]
[EventCountry "BRA"]
[SourceTitle "CBM 172 Extra"]
[Source "ChessBase"]
[SourceDate "2016.06.21"]
[SourceVersion "1"]
[SourceVersionDate "2016.06.21"]
[SourceQuality "1"]

1. d4 d5 2. c4 e6 3. Nc3 Nf6 4. cxd5 exd5 5. Bg5 c6 6. e3 Be7 7. Nf3 Nbd7 8. Bd3 0-0 9. 0-0 Re8 10. Rc1 g6 11. Qc2 Nh5 12. Bxe7 Qxe7 13. Rce1 Ndf6 14. Nd2 Ng7 15. f3 Qd6 16. Nb3 Ne6 17. h4 Nh5 18. Ne2 Bd7 19. e4 dxe4 20. fxe4 Rad8 21. e5 Qe7 22. g4 Nhg7 23. Rf6 Nc7 24. Ref1 Rf8 25. Nc5 Bc8 26. Ne4 Nd5 27. Rd6 Rxd6 28. Nxd6 Ne3 29. Qc1 Rd8 30. Bc4 Be6 31. Bd3 Bxa2 32. Nc3 Bd5 33. Be4 Be6 34. Rf4 Ne8 35. Nxe8 Qxe8 36. Bf3 Nd5 37. h5 a6 0-1

[Event "Foz do Iguacu op 6th"]
[Site "Foz do Iguacu"]
[Date "2016.05.29"]
[Round "6"]
[White "Farhat, Mohamed Abdallah"]
[Black "Paz, Alexandre da Silva"]
[Result "0-1"]
[WhiteElo "1762"]
[BlackElo "1881"]
[PlyCount "39"]
[EventDate "2016.05.27"]
[EventType "swiss"]
[EventRounds "6"]
[EventCountry "BRA"]
[SourceTitle "CBM 172 Extra"]
[Source "ChessBase"]
[SourceDate "2016.06.21"]
[SourceVersion "1"]
[SourceVersionDate "2016.06.21"]
[SourceQuality "1"]

1. d4 d5 2. c4 c6 3. cxd5 cxd5 4. Nc3 Nf6 5. Nf3 Nc6 6. Bf4 Nh5 7. Bg5 h6 8. Bh4 g5 9. Bg3 Nxg3 10. hxg3 g4 11. Ng1 e5 12. e3 exd4 13. exd4 Bg7 14. Bb5 0-0 15. Bxc6 bxc6 16. Nge2 Qb6 17. Qd2 Rb8 18. b3 Re8 19. 0-0 Ba6 20. Rfd1 0-1

[Event "Foz do Iguacu op 6th"]
[Site "Foz do Iguacu"]
[Date "2016.05.28"]
[Round "4"]
[White "Farhat, Mohamed Abdallah"]
[Black "Villalba, Marcelo"]
[Result "0-1"]
[WhiteElo "1762"]
[BlackElo "2265"]
[PlyCount "62"]
[EventDate "2016.05.27"]
[EventType "swiss"]
[EventRounds "6"]
[EventCountry "BRA"]
[SourceTitle "CBM 172 Extra"]
[Source "ChessBase"]
[SourceDate "2016.06.21"]
[SourceVersion "1"]
[SourceVersionDate "2016.06.21"]
[SourceQuality "1"]

1. d4 Nf6 2. c4 e6 3. a3 d5 4. Nc3 Nbd7 5. Bg5 c6 6. cxd5 exd5 7. e3 Be7 8. Bd3 g6 9. Qc2 Nh5 10. Bxe7 Qxe7 11. Rc1 0-0 12. Nf3 Ndf6 13. h3 Ng7 14. 0-0 Bf5 15. Bxf5 Nxf5 16. Rfe1 Nd6 17. Ne5 Nd7 18. Nxd7 Qxd7 19. Na4 Rfe8 20. Nc5 Qe7 21. Nd3 a5 22. Nc5 f5 23. Nd3 Nc4 24. a4 Kh8 25. b3 Nd6 26. Ne5 Nf7 27. Qd2 Qc7 28. Rc3 Re6 29. g3 g5 30. Kg2 Rae8 31. Qe2 Qe7 0-1

[Event "Foz do Iguacu op 5th"]
[Site "Foz do Iguacu"]
[Date "2015.06.05"]
[Round "2"]
[White "Nunes, Sidney Jr"]
[Black "Farhat, Mohamed Abdallah"]
[Result "1-0"]
[WhiteElo "2049"]
[BlackElo "1768"]
[PlyCount "130"]
[EventDate "2015.06.05"]
[EventType "swiss"]
[EventRounds "6"]
[EventCountry "BRA"]
[SourceTitle "CBM 166 Extra"]
[Source "ChessBase"]
[SourceDate "2015.06.18"]
[SourceVersion "1"]
[SourceVersionDate "2015.06.18"]
[SourceQuality "1"]

1. d4 d5 2. e3 Nf6 3. Bd3 Nbd7 4. f4 Ne4 5. Nf3 f5 6. 0-0 Ndf6 7. Nbd2 e6 8. Ne5 Bd6 9. Bxe4 fxe4 10. c4 c6 11. c5 Bc7 12. Qe2 Qe7 13. b4 a6 14. a4 0-0 15. Bb2 Bd7 16. g4 Bxe5 17. dxe5 Ne8 18. Nb3 Nc7 19. Nd4 Qh4 20. Kh1 g6 21. Bc3 Rf7 22. g5 Qh5 23. Qg2 h6 24. Rg1 hxg5 25. Qxg5 Qxg5 26. Rxg5 Rg7 27. Rag1 Kf7 28. Ne2 Rag8 29. Nd4 Rh7 30. R5g3 Rh6 31. R1g2 Ne8 32. Rb2 Nc7 33. Bd2 Rgh8 34. Rg2 Ra8 35. Ne2 Rhh8 36. Nc3 Rh3 37. Nd1 Rh7 38. Nf2 Ne8 39. Ng4 Rb8 40. Bc3 Ra8 41. Rb1 Rd8 42. Rbg1 Rb8 43. a5 Rc8 44. Rg3 Rc7 45. Nf6 Nxf6 46. exf6 Rh6 47. Be5 Rc8 48. h3 Rg8 49. Kg2 Bc8 50. Rg4 Rgh8 51. Rh1 Bd7 52. h4 Rh5 53. Kg3 Bc8 54. Rg5 Rxg5+ 55. fxg5 Rh5 56. Kf4 Rh8 57. Bc7 Rh7 58. Ke5 Rh8 59. Kd6 Re8 60. Ke5 Rh8 61. Bd6 Rh5 62. Be7 Rh8 63. Kd6 Rg8 64. Kc7 Rh8 65. Bd6 Re8 1-0

[Event "Ciudad del Este Bachmann Memorial"]
[Site "Ciudad del Este"]
[Date "2015.03.22"]
[Round "3"]
[White "Farhat, Mohamed Abdallah"]
[Black "Rivelli, Jorge"]
[Result "1/2-1/2"]
[WhiteElo "1764"]
[BlackElo "1880"]
[PlyCount "62"]
[EventDate "2015.03.21"]
[EventType "swiss"]
[EventRounds "7"]
[EventCountry "PAR"]
[SourceTitle "EXT 2016"]
[Source "ChessBase"]
[SourceDate "2015.10.08"]
[SourceVersion "1"]
[SourceVersionDate "2015.10.08"]
[SourceQuality "1"]

1. d4 Nf6 2. c4 c5 3. e3 g6 4. Nc3 Bg7 5. Bd3 0-0 6. Nge2 d5 7. 0-0 a6 8. dxc5 dxc4 9. Bxc4 Qa5 10. Qb3 Nbd7 11. Na4 Nxc5 12. Nxc5 Qxc5 13. Nd4 b5 14. Be2 Bb7 15. Bd2 Qg5 16. Nf3 Qd5 17. Qa3 Ne4 18. Bb4 a5 19. Bxa5 b4 20. Qxb4 Ba6 21. Bxa6 Rxa6 22. Bc7 Ra7 23. Rfd1 Qf5 24. Bg3 Nc5 25. Nd4 Qh5 26. Rac1 Ne4 27. Nc6 Nxg3 28. hxg3 Rxa2 29. Nxe7+ Kh8 30. b3 Rc2 31. g4 Rxc1 1/2-1/2

[Event "Foz do Iguacu op 2nd"]
[Site "Foz do Iguacu"]
[Date "2014.12.14"]
[Round "5"]
[White "Farhat, Mohamed Abdallah"]
[Black "Scardini, Leonardo"]
[Result "1-0"]
[WhiteElo "1775"]
[BlackElo "1496"]
[PlyCount "79"]
[EventDate "2014.12.12"]
[EventType "swiss"]
[EventRounds "6"]
[EventCountry "BRA"]
[SourceTitle "EXT 2016"]
[Source "ChessBase"]
[SourceDate "2015.10.08"]
[SourceVersion "1"]
[SourceVersionDate "2015.10.08"]
[SourceQuality "1"]

1. d4 d5 2. c4 c6 3. cxd5 cxd5 4. Nc3 Nf6 5. Nf3 Nc6 6. Bf4 e6 7. e3 Bd6 8. Bg5 a6 9. a3 b5 10. b4 Bb7 11. Bd3 Rc8 12. Rc1 0-0 13. 0-0 Nb8 14. Ne5 h6 15. Bh4 Re8 16. f4 Rc7 17. Qf3 Be7 18. Bxf6 Bxf6 19. Bb1 Qd6 20. Nd3 Nd7 21. Nc5 Nb6 22. Rf2 Nc4 23. Ra2 Ra8 24. Qe2 Bc6 25. Qd3 g6 26. Kf2 a5 27. Rcc2 Raa7 28. g3 Kg7 29. h4 h5 30. Kf3 Qe7 31. Rh2 Nd6 32. Rhg2 Nf5 33. Rh2 a4 34. Nxb5 Bxb5 35. Qxb5 Nd6 36. Qe2 Nf5 37. Bxf5 exf5 38. Qd3 Qd8 39. Rab2 Be7 40. Rhc2 1-0

[Event "Foz do Iguacu op 2nd"]
[Site "Foz do Iguacu"]
[Date "2014.12.14"]
[Round "6"]
[White "Gatelli, Jacson Henrique"]
[Black "Farhat, Mohamed Abdallah"]
[Result "1-0"]
[WhiteElo "1887"]
[BlackElo "1775"]
[PlyCount "71"]
[EventDate "2014.12.12"]
[EventType "swiss"]
[EventRounds "6"]
[EventCountry "BRA"]
[SourceTitle "EXT 2016"]
[Source "ChessBase"]
[SourceDate "2015.10.08"]
[SourceVersion "1"]
[SourceVersionDate "2015.10.08"]
[SourceQuality "1"]

1. e4 c5 2. Nf3 Nc6 3. Bc4 g6 4. Nc3 Bg7 5. d3 d6 6. h3 e6 7. 0-0 a6 8. a3 Nge7 9. Re1 0-0 10. Bg5 h6 11. Bh4 Kh7 12. Bxe7 Qxe7 13. Rb1 b5 14. Ba2 Bb7 15. Ne2 Rac8 16. c3 Rfd8 17. Ng3 Qc7 18. Nh4 Ne7 19. f4 d5 20. Qf3 Bf6 21. Qg4 dxe4 22. Nxe4 Bxh4 23. Qxh4 Rxd3 24. Ng5+ Kg7 25. Nxe6+ fxe6 26. Rxe6 Ng8 27. Rbe1 Rd7 28. f5 c4 29. Rxg6+ Kh7 30. Bb1 Qc5+ 31. Kh1 Rd3 32. Qg4 Re3 33. Rd1 Qe7 34. Rg7+ Kh8 35. Rxe7 Nxe7 36. Qd4+ 1-0

[Event "Foz do Iguacu Regional-ch"]
[Site "Foz do Iguacu"]
[Date "2014.01.24"]
[Round "5"]
[White "Kikuta, Bruno"]
[Black "Farhat, Mohamed Abdallah"]
[Result "1-0"]
[WhiteElo "1795"]
[BlackElo "1738"]
[PlyCount "45"]
[EventDate "2014.01.22"]
[EventType "swiss"]
[EventRounds "7"]
[EventCountry "BRA"]
[SourceTitle "CBM 158 Extra"]
[Source "ChessBase"]
[SourceDate "2014.02.28"]
[SourceVersion "1"]
[SourceVersionDate "2014.02.28"]
[SourceQuality "1"]

1. e4 c5 2. Nc3 Nc6 3. f4 g6 4. Nf3 Bg7 5. Bb5 Nf6 6. d3 Nd4 7. 0-0 Nxb5 8. Nxb5 0-0 9. Nc3 d5 10. e5 Ne8 11. Qe1 e6 12. g4 f6 13. h4 fxe5 14. fxe5 h6 15. Ne2 Bd7 16. Nf4 Kh7 17. h5 g5 18. Ng6 Rf7 19. Nxg5+ hxg5 20. Rxf7 d4 21. Ne7 Bc6 22. h6 Kxh6 23. Qh4# 1-0

[Event "Foz do Iguacu Regional-ch"]
[Site "Foz do Iguacu"]
[Date "2014.01.23"]
[Round "3"]
[White "Cruz, William Ferreira Da"]
[Black "Farhat, Mohamed Abdallah"]
[Result "1-0"]
[WhiteElo "2210"]
[BlackElo "1738"]
[PlyCount "59"]
[EventDate "2014.01.22"]
[EventType "swiss"]
[EventRounds "7"]
[EventCountry "BRA"]
[SourceTitle "CBM 158 Extra"]
[Source "ChessBase"]
[SourceDate "2014.02.28"]
[SourceVersion "1"]
[SourceVersionDate "2014.02.28"]
[SourceQuality "1"]

1. d4 d5 2. c4 e6 3. Nc3 c6 4. e3 f5 5. Nf3 Nd7 6. Bd3 Qf6 7. Qc2 Nh6 8. Rb1 a5 9. a3 Bd6 10. b4 axb4 11. axb4 0-0 12. b5 Qg6 13. 0-0 Qh5 14. bxc6 Bxh2+ 15. Nxh2 Ng4 16. Nxg4 bxc6 17. Ne5 Nf6 18. f4 g5 19. cxd5 Ng4 20. Nxg4 fxg4 21. g3 gxf4 22. exf4 exd5 23. Qh2 Qxh2+ 24. Kxh2 Bf5 25. Bxf5 Rxf5 26. Rb6 Rh5+ 27. Kg2 c5 28. dxc5 d4 29. Ne4 Ra2+ 30. Bd2 1-0